Effective Project Management (Record no. 3987)

MARC details
000 -LEADER
fixed length control field 00341nam a22001337a 4500
008 - FIXED-LENGTH DATA ELEMENTS--GENERAL INFORMATION
fixed length control field 250626b |||||||| |||| 00| 0 eng d
020 ## - INTERNATIONAL STANDARD BOOK NUMBER
ISBN 9780749461577
100 ## - MAIN ENTRY--AUTHOR
Author ROBERT, Paul
245 ## - TITLE STATEMENT
Title Effective Project Management
260 ## - PUBLICATION, DISTRIBUTION, ETC. (IMPRINT)
Place of publication Great Britain
Name of publisher Kogan Page Limited
Date of publication 2011
300 ## - COLLATION
Pagination viii, 291p.
942 ## - ADDED ENTRY ELEMENTS (KOHA)
Item type Books
050 ## - LIBRARY OF CONGRESS CALL NUMBER
Classification number HD69
Item number .R63
Holdings
Source of classification or shelving scheme Not for loan Permanent location Current location Date acquired Accession No. Full call number Barcode. Koha item type
Library of Congress Classification   Samuel Ogbemudia Main Library, University of Abuja Samuel Ogbemudia Main Library, University of Abuja 06/26/2025 2011-43005 HD69.R63 2025-2694 Books